| 000 | 00382nam a2200157Ia 4500 | ||
|---|---|---|---|
| 005 | 20250405134856.0 | ||
| 008 | 240331s9999 xx 000 0 und d | ||
| 082 |
_bSIV _a894 |
||
| 100 | _aSivasegaram, S | ||
| 245 | 0 | _aVimarsanangal | |
| 260 |
_aMadras _bTamil Publication and Distribution Network _c1995 |
||
| 300 | _a214 p., | ||
| 650 | _aPoems | ||
| 650 | _aEssays | ||
| 942 | _cL | ||
| 999 |
_c3776 _d3776 |
||